| 000 | 00371 a2200133 4500 | ||
|---|---|---|---|
| 000 | nam a22 7a 4500 | ||
| 100 | _aPrasad, Mahendra | ||
| 110 | _aPrasad, Mahendra | ||
| 245 | _aBhartiya Sanskriti Darshan Aur Sanskrit Vangmay( 4 vol Set) | ||
| 250 | _aLatest edition | ||
| 260 |
_bParadise Publishers _c2025 |
||
| 264 |
_bParadise Publishers _c2025 |
||
| 942 | _cBK | ||
| 999 |
_c395844 _d395844 |
||